Verejné výdavky a cestovný ruch bakalárska práca

Gespeichert in:
Bibliographische Detailangaben
1. Verfasser: Borza, Mário
Körperschaft: Obchodná fakulta EU. Katedra služieb a cestovného ruchu - zrušené
Weitere Verfasser: Šuterová, Viola, 1957-
Format: Buch
Sprache:Slowakisch
Veröffentlicht: Bratislava 2012
Tags: Tag hinzufügen
Keine Tags, Fügen Sie das erste Tag hinzu!

MARC

LEADER 00000nbm a2200000 4500
001 0154643
005 20161109111856.2
041 0 |a slo 
044 |a SK 
245 1 0 |a Verejné výdavky a cestovný ruch  |b bakalárska práca  |c Mário Borza ; školiteľ: Viola Šuterová 
264 1 |a Bratislava  |c 2012 
300 |a 43 s. 
100 1 |a Borza, Mário 
700 1 |a Šuterová, Viola, 1957- 
710 2 |a Obchodná fakulta EU. Katedra služieb a cestovného ruchu - zrušené